|
|
|
|
| LEADER |
00765nam a22001817a 4500 |
| 008 |
140408b xxu||||| |||| 00| 0 eng d |
| 999 |
|
|
|c 6031
|d 6031
|
| 082 |
|
|
|a 001.
|b BEN
|
| 100 |
|
|
|a ബെഞ്ചമിന്, ഗ്രേഷ്യസ്
|
| 240 |
|
|
|a Purana quiz
|
| 245 |
|
|
|a പുരാണക്വിസ് /
|c ഗ്രേഷ്യസ് ബെഞ്ചമിന്
|
| 260 |
|
|
|a കോഴിക്കോട് :
|b ഓറിയന്റ് ബുക്സ്,
|c 2007.
|
| 300 |
|
|
|a 128p.
|
| 650 |
|
|
|a General knowledge
|
| 650 |
|
|
|a Quiz
|
| 700 |
|
|
|a Benjamin, Gracious
|
| 942 |
|
|
|2 ddc
|c BK
|
| 952 |
|
|
|0 0
|1 0
|2 ddc
|4 0
|6 001_000000000000000__BEN
|7 0
|9 8666
|a MAIN
|b MAIN
|d 2014-04-08
|e Lipi Publications
|g 65.00
|l 2
|o 001. BEN
|p 8797
|r 2019-08-14
|s 2019-07-10
|t 1
|w 2014-04-08
|y BK
|